<?xml version="1.0" encoding="UTF-8"?>
<record
    xmlns:xsi="http://www.w3.org/2001/XMLSchema-instance"
    xsi:schemaLocation="http://www.loc.gov/MARC21/slim http://www.loc.gov/standards/marcxml/schema/MARC21slim.xsd"
    xmlns="http://www.loc.gov/MARC21/slim">

  <leader>01928    a2200217   4500</leader>
  <controlfield tag="001">1888</controlfield>
  <controlfield tag="005">20260407155419.0</controlfield>
  <controlfield tag="008">260407a2007    arg                 spa d</controlfield>
  <controlfield tag="003">AR-UNSa-BCEJYS</controlfield>
  <datafield tag="040" ind1=" " ind2=" ">
    <subfield code="a">AR-UNSa-BCEJYS</subfield>
    <subfield code="b">spa</subfield>
    <subfield code="c">AR-UNSa-BCEJYS</subfield>
  </datafield>
  <datafield tag="080" ind1=" " ind2=" ">
    <subfield code="a">657.31</subfield>
    <subfield code="x">Presupuestos. Previsiones. Planes financieros. Estado de flujo de efectivo</subfield>
  </datafield>
  <datafield tag="245" ind1="1" ind2="0">
    <subfield code="a">Estado de flujo de efectivo</subfield>
    <subfield code="p">armado e interpretaci&#xF3;n</subfield>
  </datafield>
  <datafield tag="020" ind1=" " ind2=" ">
    <subfield code="a">978-987-01-0712-5</subfield>
  </datafield>
  <datafield tag="264" ind1=" " ind2="1">
    <subfield code="a">Buenos Aires :</subfield>
    <subfield code="b">Errepar</subfield>
    <subfield code="c">2007</subfield>
  </datafield>
  <datafield tag="300" ind1=" " ind2=" ">
    <subfield code="a">xxx, 447 p.</subfield>
    <subfield code="c">21 cm.</subfield>
  </datafield>
  <datafield tag="505" ind1=" " ind2=" ">
    <subfield code="a">1. Vigencia para la presentaci&#xF3;n del estado - 2. Conceptos b&#xE1;sicos - 3. Metodolog&#xED;a general - 4. Ganancia ordinaria -origen- 5- . P&#xE9;rdida ordinaria -aplicaci&#xF3;n- 6. Aumento de la inversi&#xF3;n estructural -aplicaci&#xF3;n- 7. Disminuci&#xF3;n de la inversi&#xF3;n estructural -origen- 8. Aportes de los propietarios -origen- 9. Ingresos de pr&#xE9;stamos a largo plazo -origen- 10. Distribuci&#xF3;n de utilidades -aplicaci&#xF3;n- 11. Cancelaci&#xF3;n de pr&#xE9;stamos no corrientes - 12. Amortizaciones - 13. Constituci&#xF3;n de previsiones - 14. Valor residual de las bajas de bienes de uso - 15. Resultado participaci&#xF3;n en sociedades art&#xED;culo 33, ley 19.550 - 16. Desafectaci&#xF3;n de la reserva por reval&#xFA;o t&#xE9;cnico - 17. Conceptos vinculados al capital de trabajo - 18. Adecuaciones del pasaje del criterio devengado al percibido - 19. esposici&#xF3;n por m&#xE9;todo directo - 20. Tratamiento de intereses e impuestos - 21. Otros aspectos de exposici&#xF3;n - 22. Estado de flujo de efectivo consolidado - 23. Caso pr&#xE1;ctico: resumen b&#xE1;sico - 24. Caso pr&#xE1;ctico: resumen completo - 25. Enfoque simplificado y conceptualizaci&#xF3;n - 26. Estado de flujo de efectivo en moneda homog&#xE9;nea
 </subfield>
  </datafield>
  <datafield tag="942" ind1=" " ind2=" ">
    <subfield code="c">BK</subfield>
  </datafield>
  <datafield tag="590" ind1=" " ind2=" ">
    <subfield code="a">niveau_biblio:m niveau_hierar:0</subfield>
  </datafield>
  <datafield tag="100" ind1="1" ind2=" ">
    <subfield code="a">Senderovich, Pablo David</subfield>
  </datafield>
  <datafield tag="856" ind1="4" ind2="1">
    <subfield code="u">https://biblioeco.unsa.edu.ar/pmb/images/libros/Estado de flujo de  efectivo2-l118144.jpg.jpg</subfield>
    <subfield code="y">Imagen de portada</subfield>
    <subfield code="q">image/jpeg</subfield>
  </datafield>
  <datafield tag="999" ind1=" " ind2=" ">
    <subfield code="c">188</subfield>
    <subfield code="d">188</subfield>
  </datafield>
  <datafield tag="952" ind1=" " ind2=" ">
    <subfield code="0">0</subfield>
    <subfield code="1">0</subfield>
    <subfield code="4">0</subfield>
    <subfield code="7">0</subfield>
    <subfield code="a">BCEJYS</subfield>
    <subfield code="b">BCEJYS</subfield>
    <subfield code="c">16</subfield>
    <subfield code="d">2026-04-07</subfield>
    <subfield code="l">0</subfield>
    <subfield code="o">657.31 S474</subfield>
    <subfield code="p">L118144</subfield>
    <subfield code="r">2026-04-07 15:54:19</subfield>
    <subfield code="w">2026-04-07</subfield>
    <subfield code="y">L</subfield>
  </datafield>
  <datafield tag="952" ind1=" " ind2=" ">
    <subfield code="0">0</subfield>
    <subfield code="1">0</subfield>
    <subfield code="4">0</subfield>
    <subfield code="7">0</subfield>
    <subfield code="a">BCEJYS</subfield>
    <subfield code="b">BCEJYS</subfield>
    <subfield code="c">16</subfield>
    <subfield code="d">2026-04-07</subfield>
    <subfield code="l">0</subfield>
    <subfield code="o">657.31 S474</subfield>
    <subfield code="p">L118147</subfield>
    <subfield code="r">2026-04-07 15:54:19</subfield>
    <subfield code="w">2026-04-07</subfield>
    <subfield code="y">L</subfield>
  </datafield>
  <datafield tag="952" ind1=" " ind2=" ">
    <subfield code="0">0</subfield>
    <subfield code="1">0</subfield>
    <subfield code="4">0</subfield>
    <subfield code="7">0</subfield>
    <subfield code="a">BCEJYS</subfield>
    <subfield code="b">BCEJYS</subfield>
    <subfield code="c">16</subfield>
    <subfield code="d">2026-04-07</subfield>
    <subfield code="l">0</subfield>
    <subfield code="o">657.31 S474</subfield>
    <subfield code="p">L118146</subfield>
    <subfield code="r">2026-04-07 15:54:19</subfield>
    <subfield code="w">2026-04-07</subfield>
    <subfield code="y">L</subfield>
  </datafield>
  <datafield tag="952" ind1=" " ind2=" ">
    <subfield code="0">0</subfield>
    <subfield code="1">0</subfield>
    <subfield code="4">0</subfield>
    <subfield code="7">0</subfield>
    <subfield code="a">BCEJYS</subfield>
    <subfield code="b">BCEJYS</subfield>
    <subfield code="c">16</subfield>
    <subfield code="d">2026-04-07</subfield>
    <subfield code="l">0</subfield>
    <subfield code="o">657.31 S474</subfield>
    <subfield code="p">L118145</subfield>
    <subfield code="r">2026-04-07 15:54:19</subfield>
    <subfield code="w">2026-04-07</subfield>
    <subfield code="y">L</subfield>
  </datafield>
</record>
